|
|
|
|
| LEADER |
00000nam2a2200000 4500 |
| 001 |
111121 |
| 005 |
20231101214957.0 |
| 010 |
|
|
|a 5903049117
|
| 035 |
|
|
|a (RuTPU)RU\TPU\book\120007
|
| 090 |
|
|
|a 111121
|
| 100 |
|
|
|a 20070312d2007 km y0rusy50 ca
|
| 101 |
0 |
|
|a rus
|
| 102 |
|
|
|a RU
|
| 105 |
|
|
|a a z 001zy
|
| 200 |
0 |
|
|a Кн. 4: Объекты добычи, переработки и хранения горючих жидкостей и газов
|
| 210 |
|
|
|d 2007
|
| 215 |
|
|
|a 325 с.
|c ил.
|
| 320 |
|
|
|a Библиогр.: с. 305-306.
|
| 330 |
|
|
|a В книге приведены примеры тушения газовых фонтанов: организация процесса тушения и тактика тушения. Изложены особенности противопожарной защиты объектов со сжиженными углеводородными газами, описаны методика расчета сил и средств для тушения пожаров сжиженных газов, тактика тушения подобных пожаров. Приведена классификация резервуаров и резервуарных парков для хранения нефтей, нефтепродуктов и других горючих и легковоспламеняющихся жидкостей. Описаны закономерности развития пожаров в резервуарах и приведены примеры пожаров резервуаров в России и зарубежных странах. Даны рекомендации по выбору огнетушащих веществ и интенсивности их подачи, разработке оперативных планов пожаротушения, организации и тактике тушения пожаров в резервуарах и резервуарных парках, способам ликвидации аварий и пожаров при истечении нефтепродуктов в водоемы. Изложена тактика тушения пожаров на открытых технологических установках. Описаны характерные пожары на автозаправочных станциях. Изложены требования пожарной безопасности к подобным объектам. Приведены закономерности развития пожаров на АЗС и тактика ликвидации подобных пожаров. Книга рассчитана на практических работников пожарной охраны, работников проектных организаций и промышленных предприятий, эксплуатирующих установки по хранению и переработке горючих газов и жидкостей.
|
| 461 |
|
1 |
|0 (RuTPU)RU\TPU\book\192778
|t Противопожарная защита и тушение пожаров
|o учебное пособие
|f В. В. Теребнев, Н. С. Артемьев, А. В. Подгрушный
|v Кн. 4: Объекты добычи, переработки и хранения горючих жидкостей и газов
|d 2007
|
| 606 |
1 |
|
|a Пожары
|2 stltpush
|3 (RuTPU)RU\TPU\subj\49952
|9 68712
|
| 606 |
1 |
|
|a Газовая промышленность, предприятия
|x Пожарная охрана
|2 stltpush
|3 (RuTPU)RU\TPU\subj\4587
|9 32839
|
| 610 |
1 |
|
|a горючие жидкости
|
| 610 |
1 |
|
|a горючие газы
|
| 610 |
1 |
|
|a добыча
|
| 610 |
1 |
|
|a противопожарная защита
|
| 610 |
1 |
|
|a тушение
|
| 610 |
1 |
|
|a сжиженный газ
|
| 610 |
1 |
|
|a перерабатывающие предприятия
|
| 610 |
1 |
|
|a автозаправочные станции
|
| 610 |
1 |
|
|a пожарная техника
|
| 610 |
1 |
|
|a учебные пособия
|
| 675 |
|
|
|a 614.841(075.8)
|v 3
|
| 675 |
|
|
|a 622.822.3(075.8)
|v 3
|
| 801 |
|
1 |
|a RU
|b 63413507
|c 20070312
|g PSBO
|
| 801 |
|
2 |
|a RU
|b 63413507
|c 20190607
|g PSBO
|
| 942 |
|
|
|c BK
|